| 000 | 00747cam a22002417i 4500 | ||
|---|---|---|---|
| 001 | 19781157 | ||
| 005 | 20230629115037.0 | ||
| 008 | 170712s2017 ke a 000 1 eng | ||
| 010 | _a 2016343478 | ||
| 020 | _a9789966967275 | ||
| 040 |
_aDLC _beng _erda _cDLC |
||
| 042 | _alcode | ||
| 050 | 0 | 0 | _aPR 9281.9 .L55 2017 |
| 100 | 1 | _aLikimani, Muthoni G. | |
| 245 | 1 | 0 |
_aMy blood not for sale / _cMuthoni Likimani. |
| 260 |
_aNairobi: _bNoni's Publicity, _cc2017. |
||
| 300 |
_axxxvi, 160 pages : _bcolor illustrations ; _c23 cm |
||
| 650 |
_aSlaves _vSocial conditions |
||
| 650 | _aAfrica | ||
| 650 | _aHuman trafficking | ||
| 942 |
_2lcc _cBOOKS _hPR 9281.9 .L55 2017 |
||
| 999 |
_c31634 _d31634 |
||